Thực hành hóa học hữu cơ

HO002 Thực tập hóa hữu cơ

Tallennettuna:
Bibliografiset tiedot
Päätekijä: Lê, Thị Anh Đào
Muut tekijät: Đặng, Văn Liếu
Aineistotyyppi: Kirja
Kieli:Undetermined
Julkaistu: H. ĐHSP 2005
Aiheet:
Linkit:http://lrc.tdmu.edu.vn/opac/search/detail.asp?aID=2&ID=5592
Tagit: Lisää tagi
Ei tageja, Lisää ensimmäinen tagi!
Thư viện lưu trữ: Trung tâm Học liệu Trường Đại học Thủ Dầu Một
LEADER 00684nam a2200217Ia 4500
001 TDMU_5592
008 210410s9999 xx 000 0 und d
082 |a 547.071 
090 |b L200 
100 |a Lê, Thị Anh Đào 
245 0 |a Thực hành hóa học hữu cơ 
245 0 |c Lê Thị Anh Đào 
260 |a H. 
260 |b ĐHSP 
260 |c 2005 
300 |a 243tr. 
520 |a HO002 Thực tập hóa hữu cơ 
650 |a Hóa hữu cơ  |v Thực hành 
700 |a Đặng, Văn Liếu 
856 |u http://lrc.tdmu.edu.vn/opac/search/detail.asp?aID=2&ID=5592 
980 |a Trung tâm Học liệu Trường Đại học Thủ Dầu Một